Jacques Maritain e il Concilio Vaticano II.
Salvato in:
| Autore principale: | |
|---|---|
| Altri autori: | |
| Natura: | Libro |
| Pubblicazione: |
Roma, Italia:
Edizioni Studium,
2015.
|
| Serie: | Universale Studium
|
| Soggetti: | |
| Tags: |
Aggiungi Tag
Nessun Tag, puoi essere il primo ad aggiungerne!!
|
MARC
| LEADER | 00000nam a22000007a 4500 | ||
|---|---|---|---|
| 003 | CL-VaPUC | ||
| 005 | 20250106155456.0 | ||
| 008 | 221103t2015 ||||| |||| 00| 0 eng d | ||
| 999 | |c 439253 |d 439251 | ||
| 020 | |a 978-88-382-4369-1 | ||
| 040 | |c Pontificia Universidad Católica de Valparaíso | ||
| 082 | 0 | 4 | |2 22 |a 262.5 CUR 2015 |
| 100 | 1 | |a Curcio, Gennaro Giuseppe |e editore |9 878187 | |
| 245 | 1 | 0 | |a Jacques Maritain e il Concilio Vaticano II. |
| 260 | |a Roma, Italia: |b Edizioni Studium, |c 2015. | ||
| 300 | |a 161 páginas. | ||
| 490 | 0 | |a Universale Studium |n 65. | |
| 500 | |a c.1. Donación Rector saliente Claudio Elortegui, Julio 2022. | ||
| 583 | |c 20221103 |k Catalogador Asistente | ||
| 600 | |a Maritain, Jacques, |d 1882-1973 |9 862881 |x Crítica e interpretación | ||
| 650 | 1 | 0 | |a Concilio Vaticano II |9 258399 |
| 700 | |a Papini, Roberto |e editore |9 878188 | ||
| 942 | |2 ddc |c BK | ||
| 952 | |0 0 |1 0 |2 ddc |4 0 |6 262_500000000000000_CUR_2015 |7 0 |8 A |9 587562 |a BIBTEO |b BIBTEO |c GEN |d 2022-11-03 |e Donación |i 5655445 |o 262.5 CUR 2015 |p 5655445 |r 2025-01-17 |t 1 |w 2022-11-03 |y BK |k ICR | ||